000 00545cam a2200217ua 4500
001 29
008 190725n ii |||gr||||Z||||||eng
020 _a81-272-3493-1
040 _cMAIN
041 _aeng
082 _a004
100 _aMalhotra, T.D.,
245 _aComputer science and application.
_cBy T.D Malhotra
250 _a1st.
260 _aNew Delhi.:
_bKalyani Publishers.,
_c2007.
300 _a339 p.:
_bill.;
_c20 cm.
653 _aComputer Science.
653 _aComputer Application.
700 1 _aMalhotra, T.D.,
942 _cBK
999 _c23
_d23